| 000 | 00408nam a2200181Ia 4500 | ||
|---|---|---|---|
| 001 | 4821 | ||
| 005 | 20260306145823.0 | ||
| 008 | 260306t1993||||xx |||||||||||||| ||spa|| | ||
| 041 | _aESP | ||
| 082 |
_a330.4 _bH22 |
||
| 100 |
_aHarris, Laurence _eAUT |
||
| 245 | 0 | _aTeoría monetaria | |
| 260 | _c1993 | ||
| 300 |
_a583 páginas : _c23 cm. |
||
| 650 | _aGEN | ||
| 654 | _aCAN | ||
| 942 |
_cLIB _dJUS _fJUS _2ddc _n |
||
| 999 |
_c4821 _d4821 |
||